[Event "Weekender - Master"]
[Site "Enniscrone, Sligo, IE"]
[Date "2026.02.01"]
[Round "5"]
[White "Flynn, Jacob"]
[Black "Barnes, Oliver"]
[Result "1/2-1/2"]
[Board "1"]
[WhiteFideId "2509393"]
[BlackFideId "2517604"]
[WhiteTitle "CM"]
[WhiteElo "2235"]
[BlackElo "2013"]
[WhiteTeam "IRL"]
[BlackTeam "IRL"]
[WhiteClock "0:05:20"]
[BlackClock "0:01:06"]
[Variant "Standard"]

1. e4 {[%clk 1:29:59]}  e6 {[%clk 1:30:47]} 2. d4 {[%clk 1:30:18]}  d5 {[%clk 1:31:12]} 3. e5 {[%clk 1:30:44]}  c5 {[%clk 1:31:38]} 4. c3 {[%clk 1:31:11]}  Bd7 {[%clk 1:32:03]} 5. Nf3 {[%clk 1:31:36]}  Nc6 {[%clk 1:32:29]} 6. Be2 {[%clk 1:32:02]}  Nge7 {[%clk 1:32:46]} 7. O-O {[%clk 1:32:28]}  Nf5 {[%clk 1:32:54]} 8. dxc5 {[%clk 1:32:54]}  Bxc5 {[%clk 1:33:16]} 9. b4 {[%clk 1:33:21]}  Bb6 {[%clk 1:33:37]} 10. Bd3 {[%clk 1:33:48]}  O-O {[%clk 1:32:15]} 11. Re1 {[%clk 1:05:15]}  Rc8 {[%clk 1:20:21]} 12. g3 {[%clk 0:59:23]}  Nce7 {[%clk 1:07:52]} 13. a4 {[%clk 0:54:18]}  a6 {[%clk 1:07:33]} 14. g4 {[%clk 0:45:36]}  Nh6 {[%clk 1:06:08]} 15. h3 {[%clk 0:46:00]}  Qc7 {[%clk 0:42:13]} 16. Kg2 {[%clk 0:38:28]}  Ng6 {[%clk 0:35:43]} 17. Bxg6 {[%clk 0:27:43]}  fxg6 {[%clk 0:35:36]} 18. Nd4 {[%clk 0:26:39]}  Nf7 {[%clk 0:29:09]} 19. f4 {[%clk 0:24:28]}  Nd8 {[%clk 0:24:20]} 20. Be3 {[%clk 0:22:10]}  Bxd4 {[%clk 0:19:15]} 21. cxd4 {[%clk 0:17:23]}  Nc6 {[%clk 0:17:52]} 22. b5 {[%clk 0:11:56]}  Na5 {[%clk 0:17:21]} 23. Na3 {[%clk 0:11:10]}  Nc4 {[%clk 0:15:47]} 24. Qb3 {[%clk 0:09:49]}  Nxa3 {[%clk 0:10:08]} 25. Rxa3 {[%clk 0:09:16]}  Qc2+ {[%clk 0:09:33]} 26. Qxc2 {[%clk 0:07:13]}  Rxc2+ {[%clk 0:10:00]} 27. Kg3 {[%clk 0:07:27]}  axb5 {[%clk 0:08:48]} 28. axb5 {[%clk 0:07:55]}  Bxb5 {[%clk 0:08:10]} 29. Rb1 {[%clk 0:08:24]}  Bc6 {[%clk 0:06:28]} 30. Rba1 {[%clk 0:08:53]}  Bb5 {[%clk 0:04:57]} 31. Rb1 {[%clk 0:08:25]}  Bc6 {[%clk 0:03:58]} 32. Rba1 {[%clk 0:08:54]}  Kf7 {[%clk 0:02:25]} 33. Ra8 {[%clk 0:09:08]}  Rxa8 {[%clk 0:02:38]} 34. Rxa8 {[%clk 0:09:37]}  Ke7 {[%clk 0:01:30]} 35. f5 {[%clk 0:05:20]}  Rc3 {[%clk 0:01:06]} 1/2-1/2

[Event "Weekender - Master"]
[Site "Enniscrone, Sligo, IE"]
[Date "2026.02.01"]
[Round "5"]
[White "Murray, Benjamin"]
[Black "Melaugh, Shane"]
[Result "0-1"]
[Board "2"]
[WhiteFideId "2512963"]
[BlackFideId "2509580"]
[BlackTitle "FM"]
[WhiteElo "2060"]
[BlackElo "2191"]
[WhiteTeam "IRL"]
[BlackTeam "IRL"]
[WhiteClock "0:19:40"]
[BlackClock "1:14:51"]
[Variant "Standard"]

1. e4 {[%clk 1:26:52]}  e6 {[%clk 1:29:24]} 2. d4 {[%clk 1:27:09]}  d5 {[%clk 1:29:40]} 3. Nc3 {[%clk 1:26:37]}  dxe4 {[%clk 1:27:38]} 4. Nxe4 {[%clk 1:26:59]}  Nf6 {[%clk 1:28:03]} 5. Nxf6+ {[%clk 1:27:22]}  gxf6 {[%clk 1:28:28]} 6. Be3 {[%clk 1:27:38]}  Nc6 {[%clk 1:28:52]} 7. Ne2 {[%clk 1:27:45]}  b6 {[%clk 1:29:15]} 8. g3 {[%clk 1:27:56]}  Bb7 {[%clk 1:29:40]} 9. Bg2 {[%clk 1:28:20]}  Qd7 {[%clk 1:29:02]} 10. O-O {[%clk 1:28:01]}  O-O-O {[%clk 1:29:27]} 11. c4 {[%clk 1:27:35]}  h5 {[%clk 1:29:14]} 12. h4 {[%clk 1:27:49]}  Bh6 {[%clk 1:26:57]} 13. Qd2 {[%clk 1:19:04]}  Bxe3 {[%clk 1:25:36]} 14. fxe3 {[%clk 1:19:26]}  f5 {[%clk 1:24:55]} 15. b4 {[%clk 1:19:35]}  Ne5 {[%clk 1:25:04]} 16. Bxb7+ {[%clk 1:17:37]}  Kxb7 {[%clk 1:25:32]} 17. Qc3 {[%clk 1:17:11]}  Ng4 {[%clk 1:25:39]} 18. Rac1 {[%clk 1:14:25]}  Nf6 {[%clk 1:25:41]} 19. c5 {[%clk 1:07:51]}  Qb5 {[%clk 1:22:16]} 20. a4 {[%clk 0:38:45]}  Qxe2 {[%clk 1:16:04]} 21. cxb6 {[%clk 0:38:01]}  c5 {[%clk 1:16:14]} 22. dxc5 {[%clk 0:37:41]}  Ng4 {[%clk 1:14:50]} 23. c6+ {[%clk 0:37:15]}  Kc8 {[%clk 1:15:18]} 24. b7+ {[%clk 0:34:49]}  Kc7 {[%clk 1:15:42]} 25. Rc2 {[%clk 0:32:56]}  Qxe3+ {[%clk 1:16:02]} 26. Kh1 {[%clk 0:28:03]}  Qe4+ {[%clk 1:14:50]} 27. Kg1 {[%clk 0:23:12]}  Rd3 {[%clk 1:14:45]} 28. Qe1 {[%clk 0:19:40]}  Re3 {[%clk 1:14:51]} 0-1

[Event "Weekender - Master"]
[Site "Enniscrone, Sligo, IE"]
[Date "2026.02.01"]
[Round "5"]
[White "O`cuilleanain, Oisin"]
[Black "O`Gorman, Alice"]
[Result "1-0"]
[Board "3"]
[WhiteFideId "2514249"]
[BlackFideId "2508214"]
[WhiteElo "2164"]
[BlackElo "2010"]
[WhiteTeam "IRL"]
[BlackTeam "IRL"]
[WhiteClock "0:16:44"]
[BlackClock "0:36:15"]
[Variant "Standard"]

1. e4 {[%clk 1:30:39]}  c5 {[%clk 1:30:57]} 2. Nf3 {[%clk 1:31:03]}  d6 {[%clk 1:31:22]} 3. d4 {[%clk 1:31:28]}  cxd4 {[%clk 1:31:49]} 4. Nxd4 {[%clk 1:31:51]}  Nf6 {[%clk 1:32:16]} 5. Nc3 {[%clk 1:32:13]}  a6 {[%clk 1:32:43]} 6. g3 {[%clk 1:32:27]}  e5 {[%clk 1:32:23]} 7. Nb3 {[%clk 1:32:50]}  Be7 {[%clk 1:30:38]} 8. Bg5 {[%clk 1:32:45]}  Nbd7 {[%clk 1:29:57]} 9. a4 {[%clk 1:33:06]}  O-O {[%clk 1:28:44]} 10. Be3 {[%clk 1:25:34]}  b6 {[%clk 1:26:18]} 11. Bc4 {[%clk 1:24:04]}  Bb7 {[%clk 1:25:06]} 12. Nd2 {[%clk 1:17:45]}  Rc8 {[%clk 1:19:07]} 13. Qe2 {[%clk 1:15:04]}  d5 {[%clk 1:16:39]} 14. Nxd5 {[%clk 1:03:39]}  Nxd5 {[%clk 1:15:57]} 15. Bxd5 {[%clk 1:00:29]}  Bxd5 {[%clk 1:15:57]} 16. exd5 {[%clk 1:00:52]}  Rxc2 {[%clk 1:15:47]} 17. O-O {[%clk 0:58:44]}  Nf6 {[%clk 1:10:08]} 18. Qd3 {[%clk 0:49:33]}  Rc8 {[%clk 1:08:22]} 19. Qxa6 {[%clk 0:49:09]}  Nxd5 {[%clk 1:09:07]} 20. Nc4 {[%clk 0:48:52]}  Nxe3 {[%clk 1:08:54]} 21. Nxe3 {[%clk 0:49:16]}  Bc5 {[%clk 1:07:59]} 22. Rad1 {[%clk 0:45:52]}  Qg5 {[%clk 1:05:06]} 23. Nd5 {[%clk 0:40:31]}  Rcd8 {[%clk 0:59:26]} 24. Qc4 {[%clk 0:36:25]}  Bd4 {[%clk 0:57:01]} 25. Kg2 {[%clk 0:34:22]}  Rc8 {[%clk 0:47:47]} 26. Qb3 {[%clk 0:30:10]}  Qg4 {[%clk 0:41:48]} 27. Ne7+ {[%clk 0:29:21]}  Kh8 {[%clk 0:42:07]} 28. Nxc8 {[%clk 0:29:40]}  Rxc8 {[%clk 0:42:21]} 29. Qxf7 {[%clk 0:28:35]}  Bc5 {[%clk 0:41:49]} 30. Qf3 {[%clk 0:23:57]}  Qe6 {[%clk 0:39:43]} 31. Qd5 {[%clk 0:23:04]}  Qf6 {[%clk 0:39:47]} 32. a5 {[%clk 0:21:10]}  Bd4 {[%clk 0:37:55]} 33. a6 {[%clk 0:20:52]}  b5 {[%clk 0:38:05]} 34. a7 {[%clk 0:19:54]}  Qf8 {[%clk 0:36:46]} 35. Qxb5 {[%clk 0:17:42]}  Bxa7 {[%clk 0:36:31]} 36. Qxe5 {[%clk 0:18:03]}  h6 {[%clk 0:36:15]} 37. Rd6 {[%clk 0:16:44]} 1-0

[Event "Weekender - Master"]
[Site "Enniscrone, Sligo, IE"]
[Date "2026.02.01"]
[Round "5"]
[White "Woods, Yannick"]
[Black "Hushpit, Lukian"]
[Result "1-0"]
[Board "4"]
[WhiteFideId "2518384"]
[BlackFideId "14189208"]
[WhiteElo "1971"]
[BlackElo "2100"]
[WhiteTeam "IRL"]
[BlackTeam "IRL"]
[WhiteClock "0:24:29"]
[BlackClock "0:46:49"]
[Variant "Standard"]

1. d4 {[%clk 1:30:58]}  d5 {[%clk 1:30:51]} 2. c4 {[%clk 1:31:24]}  e6 {[%clk 1:31:18]} 3. Nc3 {[%clk 1:31:49]}  Nf6 {[%clk 1:31:40]} 4. Bg5 {[%clk 1:32:13]}  Be7 {[%clk 1:32:03]} 5. Nf3 {[%clk 1:32:39]}  O-O {[%clk 1:31:26]} 6. e3 {[%clk 1:33:04]}  Nbd7 {[%clk 1:31:16]} 7. Bd3 {[%clk 1:32:42]}  c6 {[%clk 1:30:44]} 8. O-O {[%clk 1:33:01]}  Re8 {[%clk 1:25:17]} 9. Qc2 {[%clk 1:32:55]}  h6 {[%clk 1:24:36]} 10. Bf4 {[%clk 1:26:48]}  b6 {[%clk 1:21:39]} 11. cxd5 {[%clk 1:22:32]}  exd5 {[%clk 1:21:47]} 12. Nb5 {[%clk 1:22:26]}  Bb7 {[%clk 1:12:25]} 13. Nc7 {[%clk 1:22:27]}  Nh5 {[%clk 1:12:44]} 14. Nxe8 {[%clk 1:20:57]}  Nxf4 {[%clk 1:13:03]} 15. exf4 {[%clk 1:08:34]}  Qxe8 {[%clk 1:13:28]} 16. Rfe1 {[%clk 1:07:09]}  Qd8 {[%clk 1:09:40]} 17. Ne5 {[%clk 0:57:12]}  c5 {[%clk 1:09:08]} 18. Bh7+ {[%clk 0:55:10]}  Kf8 {[%clk 1:07:56]} 19. Nxf7 {[%clk 0:55:34]}  Kxf7 {[%clk 1:05:15]} 20. Qg6+ {[%clk 0:54:54]}  Kf8 {[%clk 1:05:29]} 21. Qe6 {[%clk 0:55:22]}  Nf6 {[%clk 1:03:38]} 22. Bg6 {[%clk 0:55:45]}  Qe8 {[%clk 1:02:26]} 23. Bxe8 {[%clk 0:56:09]}  Rxe8 {[%clk 1:02:48]} 24. Qe3 {[%clk 0:40:28]}  Ne4 {[%clk 0:59:35]} 25. Rac1 {[%clk 0:23:42]}  cxd4 {[%clk 0:52:14]} 26. Qd3 {[%clk 0:22:04]}  Bb4 {[%clk 0:50:50]} 27. f3 {[%clk 0:21:06]}  Bxe1 {[%clk 0:49:27]} 28. Rxe1 {[%clk 0:21:26]}  Rd8 {[%clk 0:44:00]} 29. fxe4 {[%clk 0:21:00]}  dxe4 {[%clk 0:44:25]} 30. Rxe4 {[%clk 0:20:48]}  Bxe4 {[%clk 0:44:50]} 31. Qxe4 {[%clk 0:21:15]}  d3 {[%clk 0:44:36]} 32. Qb4+ {[%clk 0:21:18]}  Kf7 {[%clk 0:44:33]} 33. Qd2 {[%clk 0:21:42]}  Kf6 {[%clk 0:43:50]} 34. Kf2 {[%clk 0:22:02]}  Rd7 {[%clk 0:44:07]} 35. Ke1 {[%clk 0:21:15]}  Re7+ {[%clk 0:44:26]} 36. Kd1 {[%clk 0:21:42]}  Rd7 {[%clk 0:44:43]} 37. Qc3+ {[%clk 0:22:04]}  Kf7 {[%clk 0:44:57]} 38. Kd2 {[%clk 0:22:13]}  h5 {[%clk 0:44:52]} 39. Qe5 {[%clk 0:22:29]}  g6 {[%clk 0:45:12]} 40. f5 {[%clk 0:22:51]}  gxf5 {[%clk 0:45:18]} 41. Qxf5+ {[%clk 0:23:15]}  Ke7 {[%clk 0:45:40]} 42. Qxh5 {[%clk 0:23:35]}  Kd8 {[%clk 0:46:03]} 43. Qf5 {[%clk 0:23:40]}  Kc7 {[%clk 0:46:26]} 44. Qxd7+ {[%clk 0:24:04]}  Kxd7 {[%clk 0:46:49]} 45. Kxd3 {[%clk 0:24:29]} 1-0

[Event "Weekender - Master"]
[Site "Enniscrone, Sligo, IE"]
[Date "2026.02.01"]
[Round "5"]
[White "Woods, Christopher"]
[Black "Campbell, Andrew"]
[Result "1/2-1/2"]
[Board "5"]
[WhiteFideId "2518201"]
[BlackFideId "2518392"]
[WhiteElo "2012"]
[BlackElo "1929"]
[WhiteTeam "IRL"]
[BlackTeam "IRL"]
[WhiteClock "0:35:46"]
[BlackClock "0:48:28"]
[Variant "Standard"]

1. e4 {[%clk 1:30:51]}  c5 {[%clk 1:30:53]} 2. Nc3 {[%clk 1:30:54]}  Nc6 {[%clk 1:31:18]} 3. Bb5 {[%clk 1:30:38]}  Nd4 {[%clk 1:30:17]} 4. Nf3 {[%clk 1:30:00]}  a6 {[%clk 1:30:15]} 5. Bd3 {[%clk 1:30:17]}  g6 {[%clk 1:30:22]} 6. Rb1 {[%clk 1:28:57]}  d6 {[%clk 1:29:12]} 7. b4 {[%clk 1:25:25]}  Bg7 {[%clk 1:28:27]} 8. bxc5 {[%clk 1:20:47]}  dxc5 {[%clk 1:28:19]} 9. Na4 {[%clk 1:17:37]}  Qc7 {[%clk 1:19:42]} 10. Nb6 {[%clk 1:14:15]}  Rb8 {[%clk 1:16:29]} 11. Bc4 {[%clk 1:07:36]}  Nf6 {[%clk 1:10:46]} 12. Nxd4 {[%clk 1:01:30]}  cxd4 {[%clk 1:09:28]} 13. d3 {[%clk 0:57:12]}  O-O {[%clk 1:09:06]} 14. O-O {[%clk 0:56:01]}  Nd7 {[%clk 1:07:20]} 15. Nd5 {[%clk 0:54:30]}  Qd6 {[%clk 1:05:46]} 16. Bf4 {[%clk 0:53:11]}  e5 {[%clk 1:05:09]} 17. Bg5 {[%clk 0:52:59]}  Re8 {[%clk 1:01:48]} 18. Qf3 {[%clk 0:50:51]}  b5 {[%clk 0:59:33]} 19. Nc7 {[%clk 0:47:45]}  Rf8 {[%clk 0:56:38]} 20. Ne8 {[%clk 0:45:32]}  Qc6 {[%clk 0:54:22]} 21. Bd5 {[%clk 0:40:13]}  Qc5 {[%clk 0:53:25]} 22. Bb3 {[%clk 0:38:06]}  h6 {[%clk 0:50:01]} 23. Bh4 {[%clk 0:35:46]}  g5 {[%clk 0:48:28]} 1/2-1/2

[Event "Weekender - Master"]
[Site "Enniscrone, Sligo, IE"]
[Date "2026.02.01"]
[Round "5"]
[White "Gajcin, Jasmina"]
[Black "Halvorsen, Benjamin"]
[Result "0-1"]
[Board "6"]
[WhiteFideId "939030"]
[BlackFideId "1516604"]
[WhiteTitle "WCM"]
[WhiteElo "1919"]
[BlackElo "2007"]
[WhiteTeam "SRB"]
[BlackTeam "NOR"]
[WhiteClock "0:01:38"]
[BlackClock "0:45:59"]
[Variant "Standard"]

1. e4 {[%clk 1:27:29]}  c5 {[%clk 1:30:47]} 2. Nf3 {[%clk 1:27:54]}  d6 {[%clk 1:31:12]} 3. Bb5+ {[%clk 1:28:19]}  Bd7 {[%clk 1:31:36]} 4. Bxd7+ {[%clk 1:28:43]}  Nxd7 {[%clk 1:32:02]} 5. c4 {[%clk 1:27:41]}  Ngf6 {[%clk 1:31:52]} 6. Nc3 {[%clk 1:26:44]}  g6 {[%clk 1:31:04]} 7. d4 {[%clk 1:24:35]}  cxd4 {[%clk 1:31:17]} 8. Nxd4 {[%clk 1:25:00]}  Bg7 {[%clk 1:30:49]} 9. O-O {[%clk 1:22:10]}  a6 {[%clk 1:27:32]} 10. Qe2 {[%clk 1:16:55]}  O-O {[%clk 1:26:02]} 11. Be3 {[%clk 1:09:15]}  Rc8 {[%clk 1:23:57]} 12. f4 {[%clk 0:56:22]}  Qc7 {[%clk 1:18:39]} 13. Nd5 {[%clk 0:49:20]}  Nxd5 {[%clk 1:13:13]} 14. cxd5 {[%clk 0:49:39]}  Qc4 {[%clk 1:12:36]} 15. Qd1 {[%clk 0:36:13]}  Nc5 {[%clk 1:08:50]} 16. b3 {[%clk 0:26:40]}  Qd3 {[%clk 1:07:36]} 17. Qxd3 {[%clk 0:24:29]}  Nxd3 {[%clk 1:08:00]} 18. Rad1 {[%clk 0:19:43]}  Nc5 {[%clk 1:07:47]} 19. Ne2 {[%clk 0:13:19]}  Nxe4 {[%clk 1:07:02]} 20. Bd4 {[%clk 0:12:31]}  Bxd4+ {[%clk 1:02:24]} 21. Nxd4 {[%clk 0:12:36]}  Nc3 {[%clk 1:02:11]} 22. Rd2 {[%clk 0:11:15]}  Nxd5 {[%clk 1:01:22]} 23. f5 {[%clk 0:11:24]}  Ne3 {[%clk 1:01:12]} 24. Re1 {[%clk 0:11:28]}  Ng4 {[%clk 0:57:34]} 25. Nf3 {[%clk 0:08:03]}  Rfe8 {[%clk 0:54:58]} 26. h3 {[%clk 0:06:57]}  Nf6 {[%clk 0:54:52]} 27. fxg6 {[%clk 0:05:33]}  hxg6 {[%clk 0:54:59]} 28. g4 {[%clk 0:05:21]}  Kf8 {[%clk 0:53:58]} 29. g5 {[%clk 0:04:13]}  Nh5 {[%clk 0:53:55]} 30. Rf1 {[%clk 0:03:05]}  Rc3 {[%clk 0:52:52]} 31. h4 {[%clk 0:02:10]}  Rec8 {[%clk 0:49:48]} 32. Nd4 {[%clk 0:01:15]}  e5 {[%clk 0:46:33]} 33. Rdf2 {[%clk 0:00:35]}  exd4 {[%clk 0:45:56]} 34. Rxf7+ {[%clk 0:00:59]}  Kg8 {[%clk 0:46:19]} 35. Rxb7 {[%clk 0:01:07]}  Rc1 {[%clk 0:45:45]} 36. Rd7 {[%clk 0:00:57]}  Rxf1+ {[%clk 0:45:56]} 37. Kxf1 {[%clk 0:01:24]}  Rc6 {[%clk 0:46:20]} 38. Ke2 {[%clk 0:01:20]}  Ng3+ {[%clk 0:46:11]} 39. Kd3 {[%clk 0:01:23]}  Nf5 {[%clk 0:46:27]} 40. Ke4 {[%clk 0:01:43]}  Rc5 {[%clk 0:45:31]} 41. b4 {[%clk 0:01:08]}  Re5+ {[%clk 0:45:44]} 42. Kd3 {[%clk 0:01:17]}  Re3+ {[%clk 0:45:55]} 43. Kd2 {[%clk 0:01:38]}  Ra3 {[%clk 0:45:59]} 0-1

[Event "Weekender - Master"]
[Site "Enniscrone, Sligo, IE"]
[Date "2026.02.01"]
[Round "5"]
[White "Ashworth, Michael"]
[Black "White, Nicole"]
[Result "1-0"]
[Board "7"]
[WhiteFideId "425044"]
[BlackFideId "2520362"]
[WhiteElo "2013"]
[BlackElo "1854"]
[WhiteTeam "ENG"]
[BlackTeam "IRL"]
[WhiteClock "0:02:49"]
[BlackClock "0:42:17"]
[Variant "Standard"]

1. d4 {[%clk 1:30:56]}  d5 {[%clk 1:30:16]} 2. c4 {[%clk 1:31:11]}  e6 {[%clk 1:30:41]} 3. Nc3 {[%clk 1:31:35]}  c6 {[%clk 1:31:05]} 4. cxd5 {[%clk 1:31:01]}  exd5 {[%clk 1:31:25]} 5. Nf3 {[%clk 1:31:07]}  Nf6 {[%clk 1:31:48]} 6. Bg5 {[%clk 1:31:11]}  Be7 {[%clk 1:32:00]} 7. e3 {[%clk 1:31:07]}  h6 {[%clk 1:32:17]} 8. Bh4 {[%clk 1:31:16]}  Bf5 {[%clk 1:32:23]} 9. Bd3 {[%clk 1:22:17]}  Bxd3 {[%clk 1:32:46]} 10. Qxd3 {[%clk 1:22:43]}  Nbd7 {[%clk 1:33:05]} 11. O-O {[%clk 1:22:34]}  O-O {[%clk 1:32:00]} 12. Rfc1 {[%clk 1:19:39]}  Nh7 {[%clk 1:27:21]} 13. Bxe7 {[%clk 1:05:57]}  Qxe7 {[%clk 1:23:34]} 14. b4 {[%clk 0:58:10]}  a6 {[%clk 1:19:16]} 15. a4 {[%clk 0:55:50]}  b5 {[%clk 1:17:55]} 16. e4 {[%clk 0:51:49]}  dxe4 {[%clk 1:15:22]} 17. Nxe4 {[%clk 0:41:43]}  Rfc8 {[%clk 1:14:00]} 18. Nc5 {[%clk 0:37:29]}  Nxc5 {[%clk 1:13:54]} 19. Rxc5 {[%clk 0:36:48]}  Nf6 {[%clk 1:14:01]} 20. Ne5 {[%clk 0:29:00]}  Qd6 {[%clk 1:11:44]} 21. h3 {[%clk 0:19:29]}  Nd7 {[%clk 1:09:55]} 22. Nxd7 {[%clk 0:18:56]}  Qxd7 {[%clk 1:10:24]} 23. Qc3 {[%clk 0:16:22]}  bxa4 {[%clk 1:06:38]} 24. Rxa4 {[%clk 0:16:20]}  Qb7 {[%clk 0:56:17]} 25. Raa5 {[%clk 0:15:00]}  Rab8 {[%clk 0:55:28]} 26. Rc4 {[%clk 0:15:13]}  Rd8 {[%clk 0:49:56]} 27. Rac5 {[%clk 0:15:07]}  Rd6 {[%clk 0:45:26]} 28. Rxc6 {[%clk 0:08:55]}  Rxc6 {[%clk 0:45:55]} 29. Rxc6 {[%clk 0:09:19]}  Qxb4 {[%clk 0:45:54]} 30. Rc8+ {[%clk 0:09:34]}  Kh7 {[%clk 0:46:20]} 31. Qd3+ {[%clk 0:09:49]}  g6 {[%clk 0:46:37]} 32. Rxb8 {[%clk 0:10:03]}  Qxb8 {[%clk 0:46:42]} 33. Qxa6 {[%clk 0:10:26]}  Qb1+ {[%clk 0:47:00]} 34. Qf1 {[%clk 0:10:13]}  Qe4 {[%clk 0:46:51]} 35. Qd1 {[%clk 0:08:31]}  Qd5 {[%clk 0:46:43]} 36. Qd3 {[%clk 0:07:42]}  Kg7 {[%clk 0:44:45]} 37. Qe3 {[%clk 0:07:42]}  g5 {[%clk 0:42:38]} 38. Qe5+ {[%clk 0:02:09]}  Qxe5 {[%clk 0:43:06]} 39. dxe5 {[%clk 0:02:35]}  Kg6 {[%clk 0:43:25]} 40. g4 {[%clk 0:02:58]}  h5 {[%clk 0:43:44]} 41. Kg2 {[%clk 0:02:28]}  hxg4 {[%clk 0:43:54]} 42. hxg4 {[%clk 0:02:54]}  f5 {[%clk 0:42:17]} 43. Kf3 {[%clk 0:02:49]} 1-0

[Event "Weekender - Master"]
[Site "Enniscrone, Sligo, IE"]
[Date "2026.02.01"]
[Round "5"]
[White "MacElligott, Gerard"]
[Black "Haque, Mustakim-Ul"]
[Result "1-0"]
[Board "8"]
[WhiteFideId "2500647"]
[BlackFideId "2509334"]
[WhiteTitle "CM"]
[WhiteElo "1924"]
[BlackElo "1974"]
[WhiteTeam "IRL"]
[BlackTeam "IRL"]
[WhiteClock "0:29:32"]
[BlackClock "0:13:36"]
[Variant "Standard"]

1. Nf3 {[%clk 1:29:52]}  Nf6 {[%clk 1:30:52]} 2. c4 {[%clk 1:30:17]}  e6 {[%clk 1:31:08]} 3. g3 {[%clk 1:30:40]}  d5 {[%clk 1:31:20]} 4. Bg2 {[%clk 1:31:01]}  c5 {[%clk 1:31:20]} 5. cxd5 {[%clk 1:31:14]}  exd5 {[%clk 1:31:43]} 6. d4 {[%clk 1:31:38]}  Nc6 {[%clk 1:31:59]} 7. O-O {[%clk 1:28:12]}  h6 {[%clk 1:29:22]} 8. Nc3 {[%clk 1:22:54]}  Be7 {[%clk 1:27:56]} 9. dxc5 {[%clk 1:21:27]}  Bxc5 {[%clk 1:28:03]} 10. Na4 {[%clk 1:21:34]}  Be7 {[%clk 1:26:18]} 11. Be3 {[%clk 1:21:22]}  O-O {[%clk 1:25:25]} 12. Rc1 {[%clk 1:21:14]}  Re8 {[%clk 1:24:03]} 13. Nd4 {[%clk 1:11:49]}  Bd7 {[%clk 1:14:24]} 14. Nxc6 {[%clk 1:05:32]}  Bxc6 {[%clk 1:10:01]} 15. Nc5 {[%clk 0:59:04]}  Ne4 {[%clk 1:06:20]} 16. Nxe4 {[%clk 0:53:55]}  dxe4 {[%clk 1:06:11]} 17. Qxd8 {[%clk 0:52:30]}  Rexd8 {[%clk 1:03:58]} 18. Rfd1 {[%clk 0:48:21]}  Bf6 {[%clk 1:00:19]} 19. b3 {[%clk 0:47:28]}  Be5 {[%clk 0:57:45]} 20. f3 {[%clk 0:44:47]}  Bb2 {[%clk 0:47:45]} 21. Rb1 {[%clk 0:40:38]}  exf3 {[%clk 0:45:43]} 22. Bxf3 {[%clk 0:38:51]}  Bxf3 {[%clk 0:37:06]} 23. Rxd8+ {[%clk 0:35:12]}  Rxd8 {[%clk 0:37:31]} 24. Rxb2 {[%clk 0:35:30]}  Rd1+ {[%clk 0:36:48]} 25. Kf2 {[%clk 0:35:34]}  Bc6 {[%clk 0:26:53]} 26. Bxa7 {[%clk 0:34:53]}  g5 {[%clk 0:23:15]} 27. h4 {[%clk 0:34:34]}  Kh7 {[%clk 0:14:14]} 28. hxg5 {[%clk 0:31:04]}  hxg5 {[%clk 0:13:32]} 29. Bb8 {[%clk 0:29:32]}  Kg6 {[%clk 0:13:36]} 1-0

[Event "Weekender - Master"]
[Site "Enniscrone, Sligo, IE"]
[Date "2026.02.01"]
[Round "5"]
[White "O`Flaherty, Kevin"]
[Black "Blijlevens, Pim"]
[Result "0-1"]
[Board "9"]
[WhiteFideId "2502283"]
[BlackFideId "1022997"]
[WhiteElo "1956"]
[BlackElo "1942"]
[WhiteTeam "IRL"]
[BlackTeam "NED"]
[WhiteClock "0:02:00"]
[BlackClock "0:17:58"]
[Variant "Standard"]

1. Nf3 {[%clk 1:30:56]}  e6 {[%clk 1:27:13]} 2. d4 {[%clk 1:31:18]}  f5 {[%clk 1:27:34]} 3. Bf4 {[%clk 1:31:38]}  Nf6 {[%clk 1:27:42]} 4. e3 {[%clk 1:31:51]}  Be7 {[%clk 1:27:47]} 5. Bd3 {[%clk 1:30:53]}  O-O {[%clk 1:26:49]} 6. Nbd2 {[%clk 1:29:57]}  Nd5 {[%clk 1:20:05]} 7. Bg3 {[%clk 1:28:13]}  f4 {[%clk 1:17:44]} 8. exf4 {[%clk 1:26:34]}  Nxf4 {[%clk 1:16:27]} 9. Bxf4 {[%clk 1:15:24]}  Rxf4 {[%clk 1:16:33]} 10. g3 {[%clk 1:15:32]}  Rf8 {[%clk 1:16:35]} 11. h4 {[%clk 1:15:04]}  Nc6 {[%clk 1:11:10]} 12. c3 {[%clk 0:55:37]}  d5 {[%clk 1:04:53]} 13. Ne5 {[%clk 0:48:04]}  Nxe5 {[%clk 1:04:04]} 14. dxe5 {[%clk 0:48:27]}  Qe8 {[%clk 1:00:58]} 15. f4 {[%clk 0:35:36]}  Bd7 {[%clk 0:59:49]} 16. Qc2 {[%clk 0:32:30]}  Qh5 {[%clk 0:59:57]} 17. Be2 {[%clk 0:31:57]}  Qf5 {[%clk 0:58:59]} 18. Qb3 {[%clk 0:30:29]}  Bc5 {[%clk 0:52:48]} 19. c4 {[%clk 0:21:58]}  Bc6 {[%clk 0:48:22]} 20. O-O-O {[%clk 0:20:57]}  Rab8 {[%clk 0:42:47]} 21. Bd3 {[%clk 0:19:46]}  Qf7 {[%clk 0:41:59]} 22. cxd5 {[%clk 0:17:52]}  Bxd5 {[%clk 0:41:59]} 23. Qc2 {[%clk 0:17:32]}  Bxh1 {[%clk 0:39:08]} 24. Bxh7+ {[%clk 0:17:20]}  Kh8 {[%clk 0:39:37]} 25. Rxh1 {[%clk 0:17:22]}  Be3 {[%clk 0:37:11]} 26. Bg6 {[%clk 0:14:12]}  Qd7 {[%clk 0:34:02]} 27. Rh2 {[%clk 0:13:28]}  Rbd8 {[%clk 0:32:10]} 28. Qd1 {[%clk 0:13:25]}  Bxd2+ {[%clk 0:31:52]} 29. Rxd2 {[%clk 0:13:41]}  Qxd2+ {[%clk 0:31:59]} 30. Qxd2 {[%clk 0:14:04]}  Rxd2 {[%clk 0:32:12]} 31. Kxd2 {[%clk 0:14:29]}  Kg8 {[%clk 0:32:23]} 32. Ke3 {[%clk 0:11:44]}  Rd8 {[%clk 0:32:51]} 33. g4 {[%clk 0:09:42]}  Rd1 {[%clk 0:27:11]} 34. Bc2 {[%clk 0:07:36]}  Rg1 {[%clk 0:25:21]} 35. g5 {[%clk 0:05:57]}  Kf7 {[%clk 0:23:50]} 36. h5 {[%clk 0:06:07]}  Rh1 {[%clk 0:22:57]} 37. Bg6+ {[%clk 0:04:48]}  Kf8 {[%clk 0:21:18]} 38. Ke4 {[%clk 0:02:29]}  Rh2 {[%clk 0:20:50]} 39. f5 {[%clk 0:02:36]}  Rh4+ {[%clk 0:21:14]} 40. Kf3 {[%clk 0:02:08]}  exf5 {[%clk 0:21:23]} 41. e6 {[%clk 0:01:57]}  Rg4 {[%clk 0:17:26]} 42. Bf7 {[%clk 0:02:16]}  Rxg5 {[%clk 0:17:42]} 43. Kf4 {[%clk 0:02:38]}  Rg2 {[%clk 0:17:45]} 44. Kxf5 {[%clk 0:03:00]}  Rxb2 {[%clk 0:17:41]} 45. Kg6 {[%clk 0:03:28]}  Rg2+ {[%clk 0:17:50]} 46. Kh7 {[%clk 0:02:30]}  c5 {[%clk 0:18:08]} 47. Bg6 {[%clk 0:02:00]}  Re2 {[%clk 0:17:58]} 0-1